000 01308nam a22003614i 4500
001 991061597575106706
003 ES-BaIT
005 20260410111922.0
008 260123e202511 spc||||| |||||0|| 0bspa|c
020 _a9788491998143
040 _aES-BaUB
_bcat
_erda
_cES-BaUB
041 1 _aspa
_heng
080 _a820-2"15"Marlowe, Christopher.07
080 _a92:82
100 _aGreenblatt, Stephen,
_d1943-
_eautor
_9134478
240 1 _aDark Renaissance.
_lCastellà
_9169210
245 1 3 _aEl Renacimiento oscuro :
_bla turbulenta vida del gran rival de Shakespeare /
_cStephen Greenblatt ; traducción castellana de Yolanda Fontal
250 _aPrimera edición
264 1 _aMadrid :
_bEditorial Crítica,
_cnoviembre de 2025
300 _a401 pàgines ;
_c24 cm
336 _atext
_btxt
_2rdacontent
337 _asense mediació
_bn
_2rdamedia
338 _avolum
_bnc
_2rdacarrier
500 _aBibliografia. Índex
600 0 _aMarlowe, Christopher,
_d1564-1593
_xCrítica i interpretació
_2lemac
_9135729
600 1 7 _aMarlowe, Christopher,
_d1564-1593
_931659
600 1 7 _aShakespeare, William,
_d1564-1616
_946413
650 0 _aDramaturgs anglesos
_y S. XVI
_vBiografia
_9160053
700 1 _aFontal, Yolanda
_etraductor
_9169211
908 _aUB
_aCDMAE
940 _aUB
942 _2udc
_c1
999 _c137352
_d137352